1810 1450 1287 1509 1730 1166 1559 1306 1312 1346 1100 1505 1683 1765 1660 1360 1953 1621 1444 1281 1761 1733 1250 1703 1799 1644 1680 1221 1680 1325 1647 1808 1496 1840 1560 1114 1568 1640 1887 1381 1392 1585 1174 1434 1793 1193 1444 1039 1430 1881 2000 1310 1843 1386 1292 1414 1792 1756 1807 1820 1949 1038 1013 1333 1957 1434 1208 1524 1694 1780 1677 1671 1194 1435 1616 1600 1267 1957 1716 1725 1503 1628 1903 1763 1061 1582 1738 1206 1679 1933 1896 1859 1170 1443 1104 1558 1326 1318 1337 BCNSPRNW ULIB Ver.6.0+V

เปลี่ยนเป็นภาษาไทย

Change to English
 แสดงรายละเอียดบรรณานุกรม
  กลับหน้าหลัก

Brief Record : Get Marc (ISO 2709) : E-mail record : QR code < ปิดหน้าต่าง
LEADER : 00000nam 2200000uu 4500
001    13399125034
003     ULIB
008    160529s2558||||th 000 0 tha d
020    ^a9786163824110
060 04 ^aWO700^bU66
245 00 ^aWound care^n2015 /^cบรรณาธิการ, พรพรหม เมืองแมน, อภิชัย อังสพัทธ์ และ อภิรักษ์ ช่วงสุวนิช
250    ^aพิมพ์ครั้งที่ 1
260    ^aกรุงเทพฯ :^bกรุงเทพเวชสาร,^c2558
300    ^a190 หน้า :^bภาพประกอบ ;^c22 ซม.
650  4 ^aการรักษาบาดแผล
650  4 ^aบาดแผลและบาดเจ็บ
650  4 ^aบาดแผลและบาดเจ็บ^xการพยาบาล
650  4 ^aบาดแผลและบาดเจ็บ^xการรักษา
700 0  ^aพรพรหม เมืองแมน,^eบรรณาธิการ
700 0  ^aอภิชัย อังสพัทธ์,^eบรรณาธิการ
700 0  ^aอภิรักษ์ ช่วงสุวนิช,^eบรรณาธิการ
710 2  ^aชมรมสมานแผลแห่งประเทศไทย
945    ^p350^l0^i001113
945    ^p350^l0^i001114
945    ^p350^l0^i001115
945    ^p350^l0^i001116
945    ^p350^l0^i001117
945    ^p350^l0^i001118
945    ^p350^l0^i001119
999    ^aเกษร โพธิ์สุวรรณ
รายการนี้ยังไม่มีแท็ก
คุณยังไม่ได้ล็อกอิน คุณสามารถมีกิจกรรมร่วมกับเว็บไซต์ได้ แต่ต้องล็อกอินก่อน ::
  ล็อกอิน

รายการสื่อสารสนเทศ

ลำดับที่ ประเภท เลขเรียก/บาร์โค้ด สถานที่ สถานะ
1. วิทยาศาสตร์การแพทย์ และสุขภาพ
วิทยาศาสตร์การแพทย์ และสุขภาพ
สถานะ=หนังสือเก่า
WO700 U66 ฉ.1 
  Barcode: 001113
ห้องสมุดวิทยาเขตสวรรค์ประชารักษ์
►ส่วนจัดเก็บหนังสือเก่า สปร
บนชั้น
  ขอยืม
2. วิทยาศาสตร์การแพทย์ และสุขภาพ
วิทยาศาสตร์การแพทย์ และสุขภาพ
สถานะ=หนังสือเก่า
WO700 U66 ฉ.2 
  Barcode: 001114
ห้องสมุดวิทยาเขตสวรรค์ประชารักษ์
►ส่วนจัดเก็บหนังสือเก่า สปร
บนชั้น
  ขอยืม
3. วิทยาศาสตร์การแพทย์ และสุขภาพ
วิทยาศาสตร์การแพทย์ และสุขภาพ
สถานะ=หนังสือเก่า
WO700 U66 ฉ.3 
  Barcode: 001115
ห้องสมุดวิทยาเขตสวรรค์ประชารักษ์
►ส่วนจัดเก็บหนังสือเก่า สปร
บนชั้น
  ขอยืม
4. วิทยาศาสตร์การแพทย์ และสุขภาพ
วิทยาศาสตร์การแพทย์ และสุขภาพ
สถานะ=หนังสือเก่า
WO700 U66 ฉ.4 
  Barcode: 001116
ห้องสมุดวิทยาเขตสวรรค์ประชารักษ์
►ส่วนจัดเก็บหนังสือเก่า สปร
บนชั้น
  ขอยืม
5. วิทยาศาสตร์การแพทย์ และสุขภาพ
วิทยาศาสตร์การแพทย์ และสุขภาพ
สถานะ=หนังสือเก่า
WO700 U66 ฉ.5 
  Barcode: 001117
ห้องสมุดวิทยาเขตสวรรค์ประชารักษ์
►ส่วนจัดเก็บหนังสือเก่า สปร
บนชั้น
  ขอยืม
6. วิทยาศาสตร์การแพทย์ และสุขภาพ
วิทยาศาสตร์การแพทย์ และสุขภาพ
สถานะ=หนังสือเก่า
WO700 U66 ฉ.6 
  Barcode: 001118
ห้องสมุดวิทยาเขตสวรรค์ประชารักษ์
►ส่วนจัดเก็บหนังสือเก่า สปร
บนชั้น
  ขอยืม
7. วิทยาศาสตร์การแพทย์ และสุขภาพ
วิทยาศาสตร์การแพทย์ และสุขภาพ
สถานะ=หนังสือเก่า
WO700 U66 ฉ.7 
  Barcode: 001119
ห้องสมุดวิทยาเขตสวรรค์ประชารักษ์
►ส่วนจัดเก็บหนังสือเก่า สปร
บนชั้น
  ขอยืม

รายการใกล้เคียง
    หัวเรื่อง [การรักษาบาดแผล]
    หัวเรื่อง [บาดแผลและบาดเจ็บ]

BibComment


ยังไม่เคยถูกคอมเมนท์

คอมเมนท์ทรัพยากรรายการนี้
  คอมเมนท์: Wound care 2015 ..


 Copyright 2026. Bcnsprnw @Library